000
00257nam a2200109Ia 4500
008
190216s9999||||xx |||||||||||||| ||und||
100
_a
Nair K K N
245
0
_a
Yugangalum Prasthanangalum
260
_b
Pk Brothers
650
_a
Essay Malayalam
942
_c
BK
999
_c
24894
_d
24894